[Event "28. Offene Internationale Bayerische Schachmeisterschaft"]
[Site "Gmund am Tegernsee"]
[Date "2025.11.07"]
[Round "7"]
[Board "17"]
[White "Stocek, Jiri"]
[Black "Vingris, Mikelis"]
[Result "1-0"]
[WhiteElo "2471"]
[BlackElo "2329"]
[PlyCount "0"]
[EventDate "2025.11.01"]
[EventRounds "9"]
[EventCountry "GER"]

1. d4 Nf6 2. c4 c5 3. d5 b5 4. cxb5 a6 5. e3 axb5 6. Bxb5 Qa5+ 7. Nc3 Bb7 8. Bd2
Qb6 9. Nf3 Nxd5 10. a4 e6 11. O-O Be7 12. e4 Nb4 13. Bf4 O-O 14. Bxb8 Rfxb8 15. Ne5
d5 16. Nd7 Qc7 17. exd5 exd5 18. Nxb8 Rxb8 19. Na2 Nc6 20. Rc1 Bd6 21. h3 Ne5 22.
Nb4 d4 23. Nd3 Ng6 24. Qh5 Qe7 25. Rfe1 Qf6 26. Rc2 Nh4 27. f4 Nf5 28. Qg5 Qxg5 29.
fxg5 Ne3 30. Rxc5 Be4 31. Rcc1 h6 32. Nc5 Bd5 33. gxh6 gxh6 34. Nd7 Rxb5 35. axb5
Kg7 36. Nb6 Bb3 37. Nc8 Bf4 38. Kf2 Nf5 39. g4 Bg3+ 40. Ke2 Bxe1 41. Kxe1  1-0

[Event "28. Offene Internationale Bayerische Schachmeisterschaft"]
[Site "Gmund am Tegernsee"]
[Date "2025.11.07"]
[Round "7"]
[Board "18"]
[White "Schneider, Jana"]
[Black "Zelbel, Patrick"]
[Result "1/2-1/2"]
[WhiteElo "2274"]
[BlackElo "2465"]
[PlyCount "0"]
[EventDate "2025.11.01"]
[EventRounds "9"]
[EventCountry "GER"]

1. e4 c5 2. Nf3 Nc6 3. Nc3 g6 4. d4 cxd4 5. Nxd4 Bg7 6. Nxc6 bxc6 7. Bc4 d6 8. O-O
Nf6 9. e5 dxe5 10. Qxd8+ Kxd8 11. Re1 Bf5 12. Rxe5 Nd5 13. Re2 e6 14. h3 h5 15. Bg5+
Kc7 16. Rd1 Rhe8 17. Na4 Bf6 18. Bd2 Rad8 19. Bxd5 Rxd5 20. c4 Rd4 21. Ba5+ Kc8 22.
Rxd4 Bxd4 23. g4 hxg4 24. hxg4 Bb1 25. b3 e5 26. Nc3 Bd3 27. Rd2 e4 28. Nxe4 Rxe4
29. Rxd3 Rxg4+ 30. Kf1 Rf4 31. Be1 c5 32. f3 Rf6 33. Bf2 Bxf2  1/2-1/2

[Event "28. Offene Internationale Bayerische Schachmeisterschaft"]
[Site "Gmund am Tegernsee"]
[Date "2025.11.07"]
[Round "7"]
[Board "19"]
[White "Engel, Bruno"]
[Black "Kuru, Atilla"]
[Result "1/2-1/2"]
[WhiteElo "2274"]
[BlackElo "2435"]
[PlyCount "0"]
[EventDate "2025.11.01"]
[EventRounds "9"]
[EventCountry "GER"]

1. e4 e6 2. d4 d5 3. Nc3 Nf6 4. Bg5 dxe4 5. Nxe4 Be7 6. Nxf6+ Bxf6 7. Bxf6 Qxf6 8.
Nf3 O-O 9. Qd3 Rd8 10. O-O-O Bd7 11. Be2 Nc6 12. Qe3 Be8 13. Ne5 Rd6 14. c3 Ne7 15.
Qf3 Rad8 16. Qxf6 gxf6 17. Ng4 f5 18. Nf6+ Kg7 19. Nh5+ Kh6 20. Nf4 Ng6 21. Nxg6
hxg6 22. Bf3 b6 23. h4 a5 24. Rhe1 f6 25. Re3 Bf7 26. Rde1 c5 27. dxc5 bxc5 28. Rd1
e5 29. b3 a4 30. Rxd6 Rxd6 31. bxa4 Bxa2 32. Bd1 Bc4 33. g3 g5 34. Bc2 gxh4 35. Bxf5
Kg5 36. Bc8 Be6 37. f4+ Kg4 38. fxe5 fxe5 39. Bxe6+ Rxe6 40. gxh4 Kxh4 41. Kd2 Kg4
42. Kd3 Kf4 43. Re4+ Kf3 44. Re3 Kf4 45. Re4+ Kf5 46. Rh4 Ra6 47. Ke4+  1/2-1/2

[Event "28. Offene Internationale Bayerische Schachmeisterschaft"]
[Site "Gmund am Tegernsee"]
[Date "2025.11.07"]
[Round "7"]
[Board "20"]
[White "Parvanyan, Ashot"]
[Black "Kurmangaliyeva, Liya"]
[Result "0-1"]
[WhiteElo "2428"]
[BlackElo "2287"]
[PlyCount "0"]
[EventDate "2025.11.01"]
[EventRounds "9"]
[EventCountry "GER"]

1. Nf3 d5 2. g3 c5 3. Bg2 Nf6 4. O-O g6 5. c4 Bg7 6. Qa4+ Nc6 7. d4 cxd4 8. Nxd4
Bd7 9. cxd5 Nxd5 10. Nxc6 bxc6 11. e4 Nb6 12. Qc2 O-O 13. Bf4 Qc8 14. Nd2 Bh3 15.
a4 Bxg2 16. Kxg2 Qa6 17. Rfc1 Rac8 18. Ra3 c5 19. a5 Nd7 20. Nc4 Nb8 21. Be5 Nc6
22. Bxg7 Kxg7 23. Ne3 Nd4 24. Qc4 Qb7 25. Qd5 Qxb2 26. Rac3 e6 27. Qe5+ f6 28. Qd6
Qb7 29. Rxc5 Qxe4+ 30. Kh3 Rxc5 31. Rxc5 Ne2 32. Qd1 Qf3 33. Rc4 g5 34. Qg1  0-1

[Event "28. Offene Internationale Bayerische Schachmeisterschaft"]
[Site "Gmund am Tegernsee"]
[Date "2025.11.07"]
[Round "7"]
[Board "21"]
[White "Kuegel, Tobias"]
[Black "Ongut, Tamas Gunes"]
[Result "1/2-1/2"]
[WhiteElo "2391"]
[BlackElo "2264"]
[PlyCount "0"]
[EventDate "2025.11.01"]
[EventRounds "9"]
[EventCountry "GER"]

1. e4 e5 2. f4 exf4 3. Nf3 g5 4. h4 d5 5. exd5 Qe7+ 6. Qe2 g4 7. Ne5 Nf6 8. d4 Nh5
9. Nd3 Bf5 10. Nxf4 Ng3 11. Qxe7+ Bxe7 12. Rh2 Nxf1 13. Kxf1 g3 14. Rh1 Bxc2 15.
Na3  1/2-1/2

[Event "28. Offene Internationale Bayerische Schachmeisterschaft"]
[Site "Gmund am Tegernsee"]
[Date "2025.11.07"]
[Round "7"]
[Board "22"]
[White "Oberhofer, Cedric"]
[Black "Yelisieiev, Yevhenii"]
[Result "1/2-1/2"]
[WhiteElo "2272"]
[BlackElo "2388"]
[PlyCount "0"]
[EventDate "2025.11.01"]
[EventRounds "9"]
[EventCountry "GER"]

1. c4 c6 2. g3 d5 3. Bg2 Nf6 4. Nf3 dxc4 5. O-O Nbd7 6. Na3 Nb6 7. Ne5 Be6 8. Qc2
Qd4 9. Nxc6 bxc6 10. Bxc6+ Nfd7 11. Bxa8 Nxa8 12. d3 Nab6 13. dxc4 Qc5 14. Rd1 Qc6
15. c5 Bh3 16. e4 Nxc5 17. Be3 Qxe4 18. Qxe4 Nxe4 19. Nb5 Nd6 20. Nxa7 Nbc4 21. Bd4
e5 22. b3 exd4 23. bxc4 Nxc4 24. Rxd4 Ne5 25. Re1 f6 26. Nc6 Be7 27. Nxe5 fxe5 28.
Rxe5 Kf7 29. Rf4+ Bf6 30. Re1 Ra8 31. a4 Bd7 32. h4 h6 33. Rd1 Be8 34. Rd2 g5 35.
hxg5 hxg5 36. Rc4 Kg6 37. Rd1 Bxa4 38. Rd6 Be8 39. Rb4 Ra1+ 40. Kg2 Ra5 41. Rbb6
Rf5 42. g4 Rf4 43. Kg3 Kg7 44. Rxf6 Rxf6 45. Rxf6 Kxf6 46. f4 gxf4+ 47. Kxf4  1/2-1/2

[Event "28. Offene Internationale Bayerische Schachmeisterschaft"]
[Site "Gmund am Tegernsee"]
[Date "2025.11.07"]
[Round "7"]
[Board "23"]
[White "Soumya, Swaminathan"]
[Black "Jin, Yueheng"]
[Result "0-1"]
[WhiteElo "2256"]
[BlackElo "2376"]
[PlyCount "0"]
[EventDate "2025.11.01"]
[EventRounds "9"]
[EventCountry "GER"]

1. e4 e5 2. Nf3 Nc6 3. Bb5 a6 4. Ba4 Nf6 5. O-O d6 6. c3 Bd7 7. Re1 g6 8. d4 Bg7
9. h3 O-O 10. Bc2 Re8 11. Nbd2 a5 12. a4 exd4 13. Nxd4 d5 14. Nb5 Be6 15. exd5 Bxd5
16. Rxe8+ Nxe8 17. Nf3 Ne5 18. Nxe5 Bxe5 19. Qe2 Qf6 20. Be3 c6 21. Nd4 Nd6 22. Bb3
Bxb3 23. Nxb3 Nf5 24. Bb6 Re8 25. Kh1 Nd6 26. Qd3 Qf4 27. g3 Qc4 28. Nc5 Qxd3 29.
Nxd3 Nc4 30. Bc5 Bc7 31. b3 Nd2 32. Be3 Ne4 33. Bd4 f5 34. Kg2 Rd8 35. Nc5 Nxc5 36.
Bxc5 Be5 37. Bb6 Rd3 38. Re1 Bxc3 39. Re7  0-1

[Event "28. Offene Internationale Bayerische Schachmeisterschaft"]
[Site "Gmund am Tegernsee"]
[Date "2025.11.07"]
[Round "7"]
[Board "24"]
[White "Serikbay, Assel"]
[Black "Rathanvel, V S"]
[Result "1/2-1/2"]
[WhiteElo "2174"]
[BlackElo "2483"]
[PlyCount "0"]
[EventDate "2025.11.01"]
[EventRounds "9"]
[EventCountry "GER"]

1. d4 Nf6 2. c4 e6 3. Nf3 d5 4. Nc3 Nbd7 5. Bg5 Bb4 6. Qb3 c5 7. cxd5 exd5 8. a3
Qa5 9. dxc5 Bxc3+ 10. Qxc3 Qxc3+ 11. bxc3 Ne4 12. Rd1 Ndxc5 13. Rxd5 Be6 14. Rd1
O-O 15. Be3 Rfc8 16. Nd4 Nxc3 17. Rc1 Nb3 18. Nxb3 Bxb3 19. g3 Bd5 20. f3 Nb5 21.
Rxc8+ Rxc8 22. a4 Nc3 23. a5 Re8 24. Kd2 Nb1+ 25. Kd3 Bc4+ 26. Kxc4 Rxe3 27. Kd4
Ra3 28. Bg2 Nc3 29. Kc4 Nxe2 30. Re1 Rc3+ 31. Kb4 Re3 32. f4 b6 33. axb6 axb6 34.
Rd1 g6 35. Rd6 h5 36. Bd5 Kf8 37. Rxb6 h4 38. Rf6 Re7 39. g4 Kg7 40. g5 Rc7 41. f5
Nf4 42. Bc4 Nh5 43. Rd6 gxf5 44. Bd3 Re7 45. Rh6 Nf4 46. Bxf5 Re5 47. Bb1 Re1 48.
Bf5 Nd5+ 49. Kb3 Ne7 50. Bd7 Rd1 51. Bg4 Rd4 52. h3 Ng6 53. Kc2 Rd5 54. Rh5 Kf8 55.
Bf3 Re5 56. Kd2 Kg7 57. Bd1 Rd5+ 58. Kc1 Rc5+ 59. Kd2 Rd5+ 60. Kc1 Rd3 61. Bg4 Nf4
62. Rxh4 Rd5 63. Bf3 Rc5+ 64. Kd2 Ng6 65. Rg4 Ne5 66. Rg3 Nxf3+ 67. Rxf3 Rxg5  1/2-1/2

[Event "28. Offene Internationale Bayerische Schachmeisterschaft"]
[Site "Gmund am Tegernsee"]
[Date "2025.11.07"]
[Round "7"]
[Board "25"]
[White "Naumann, Alexander"]
[Black "Wunderlich, Elias"]
[Result "1-0"]
[WhiteElo "2473"]
[BlackElo "2184"]
[PlyCount "0"]
[EventDate "2025.11.01"]
[EventRounds "9"]
[EventCountry "GER"]

1. c4 Nf6 2. Nf3 c5 3. g3 b6 4. Bg2 Bb7 5. O-O g6 6. Nc3 Bg7 7. d4 cxd4 8. Qxd4 Nc6
9. Qf4 Qb8 10. Rd1 Qxf4 11. Bxf4 O-O 12. Nd5 d6 13. Rac1 Rac8 14. Bh3 Rcd8 15. Bg5
Rfe8 16. Bxf6 Bxf6 17. Nxf6+ exf6 18. e3 Ne5 19. Nd4 Nf3+ 20. Nxf3 Bxf3 21. Rd4 Re4
22. Bg2 Bxg2 23. Kxg2 Rxd4 24. exd4 Re8 25. Kf1 Re4 26. Rd1 Kf8 27. f3 Re7 28. Kf2
Rc7 29. Rc1 Ke7 30. Ke3 d5 31. c5 Kd7 32. b4 Rc8 33. b5 Re8+ 34. Kd2 Ra8 35. a4 Rb8
36. cxb6 Rxb6 37. Rc5 Kd6 38. a5 Rb7 39. Kc3 f5 40. Kb4 Re7 41. Rc6+ Kd7 42. Kc5
Re3 43. Ra6 Rxf3 44. Kxd5 Rb3 45. Rxa7+ Kc8 46. b6 Ra3 47. a6 Kb8 48. Rxf7 Rxa6 49.
Ke4  1-0

[Event "28. Offene Internationale Bayerische Schachmeisterschaft"]
[Site "Gmund am Tegernsee"]
[Date "2025.11.07"]
[Round "7"]
[Board "26"]
[White "Aamuktha, Guntaka"]
[Black "Muthaiah, Al"]
[Result "1/2-1/2"]
[WhiteElo "2161"]
[BlackElo "2432"]
[PlyCount "0"]
[EventDate "2025.11.01"]
[EventRounds "9"]
[EventCountry "GER"]

1. e4 g6 2. d4 Bg7 3. Nc3 d6 4. Be3 a6 5. Qd2 b5 6. f3 Nf6 7. h4 h5 8. Nh3 Bxh3 9.
Rxh3 Nbd7 10. O-O-O b4 11. Na4 c5 12. dxc5 Qa5 13. c6 Qxa4 14. cxd7+ Nxd7 15. Bc4
Ne5 16. Bb3 Qb5 17. Qd5 O-O 18. Rhh1 Qb8 19. Bg5 e6 20. Qxd6 Qxd6 21. Rxd6 a5 22.
a4 bxa3 23. bxa3 a4 24. Ba2 Rfc8 25. Bf4 Nc6 26. Rhd1 Ra5 27. Rxe6 Nd4 28. Rxd4 Bxd4
29. Rxg6+ Kh7 30. Rg5 Rac5 31. Rxc5 Bxc5 32. Kb2 Bd4+ 33. Kc1 Bc5 34. Kb2 Bd4+ 35.
Kc1 Bc5  1/2-1/2

[Event "28. Offene Internationale Bayerische Schachmeisterschaft"]
[Site "Gmund am Tegernsee"]
[Date "2025.11.07"]
[Round "7"]
[Board "27"]
[White "Butenandt, Svenja"]
[Black "Goldbeck, Lars"]
[Result "1/2-1/2"]
[WhiteElo "2160"]
[BlackElo "2415"]
[PlyCount "0"]
[EventDate "2025.11.01"]
[EventRounds "9"]
[EventCountry "GER"]

1. d4 d5 2. c4 e6 3. Nc3 Nf6 4. cxd5 exd5 5. Bg5 c6 6. e3 Bd6 7. Bd3 O-O 8. Nge2
Re8 9. Qc2 h6 10. Bh4 a5 11. h3 Na6 12. a3 Nc7 13. O-O Ne6 14. Rad1 Bd7 15. e4 dxe4
16. Nxe4 Be7 17. Bxf6 Bxf6 18. Nd6 Re7 19. Nf5 Re8 20. Nd6 Re7 21. Nf5 Re8  1/2-1/2

[Event "28. Offene Internationale Bayerische Schachmeisterschaft"]
[Site "Gmund am Tegernsee"]
[Date "2025.11.07"]
[Round "7"]
[Board "28"]
[White "Hess, Max"]
[Black "Lederle, Vitus"]
[Result "1-0"]
[WhiteElo "2403"]
[BlackElo "2176"]
[PlyCount "0"]
[EventDate "2025.11.01"]
[EventRounds "9"]
[EventCountry "GER"]

1. d4 Nf6 2. c4 e6 3. Nf3 b6 4. g3 Bb7 5. Bg2 Bb4+ 6. Bd2 Bxd2+ 7. Qxd2 O-O 8. O-O
d6 9. Qf4 Qe7 10. Nc3 Nbd7 11. Rfe1 e5 12. dxe5 Nxe5 13. b3 Rfe8 14. Nd4 Bxg2 15.
Kxg2 Ng6 16. Qd2 Ne4 17. Nxe4 Qxe4+ 18. f3 Qb7 19. e4 Re5 20. Nf5 Ne7 21. Nxe7+ Rxe7
22. Qd5 Qc8 23. f4 Qe8 24. Re2 Rd8 25. Rae1 Qd7 26. h3 g6 27. g4 Qe6 28. Qd4 Rde8
29. Kf3 Qd7 30. h4 Re6 31. h5 Qe7 32. hxg6 fxg6 33. g5 Rf8 34. Rg1 Qf7 35. Rg4 Re5
36. Qd2 Qe7 37. Kg3 Re6 38. Qd5 Qf7 39. Rh4 Re7 40. Reh2 Qxd5 41. cxd5 h5 42. Kf3
c6 43. dxc6 Rc7 44. Rc2 Rfc8 45. f5 Kf7 46. Rhh2 Rxc6 47. Rxc6 Rxc6 48. Rd2 b5 49.
Rd3 b4 50. Rd4 a5 51. Kf4 gxf5 52. exf5 Rc2 53. g6+ Kg7 54. Rxd6 Rf2+ 55. Kg5 Rg2+
56. Kxh5 Rh2+ 57. Kg4 Rg2+ 58. Kf3 Rxa2 59. Rd7+  1-0

[Event "28. Offene Internationale Bayerische Schachmeisterschaft"]
[Site "Gmund am Tegernsee"]
[Date "2025.11.07"]
[Round "7"]
[Board "29"]
[White "Dahl, Christoph"]
[Black "Cervelli, Eduard"]
[Result "1-0"]
[WhiteElo "2387"]
[BlackElo "2155"]
[PlyCount "0"]
[EventDate "2025.11.01"]
[EventRounds "9"]
[EventCountry "GER"]

1. e4 c5 2. Nf3 d6 3. Bb5+ Nd7 4. Ba4 Ngf6 5. O-O e6 6. d3 Be7 7. c4 O-O 8. Nc3 Ne5
9. Nxe5 dxe5 10. f4 exf4 11. Bxf4 Ne8 12. Qf3 f6 13. Qg3 Nd6 14. Bh6 Rf7 15. Be3
b6 16. Rad1 Bd7 17. Bxd7 Qxd7 18. Ne2 Bd8 19. Nf4 Bc7 20. Qh3 Re8 21. a3 a5 22. b3
Nb7 23. Ne2 Qc6 24. Nc3 Be5 25. Ne2 Rd7 26. Bf4 Qc7 27. Bxe5 Qxe5 28. Qe3 Red8 29.
Nf4 Rd6 30. Rb1 R8d7 31. b4 axb4 32. axb4 cxb4 33. Rxb4 Nc5 34. Rb5 Qc3 35. Rxc5
bxc5 36. Qxc5 Kf7 37. Qh5+ Ke7 38. Qxh7 Qd4+ 39. Kh1 Ra6 40. Qxg7+ Kd6 41. Qf8+ Kc7
42. h3 Qe5 43. Ng6 Qb2 44. Qxf6 Qxf6 45. Rxf6 Rxd3 46. h4 Rd1+ 47. Kh2 Raa1 48. Rxe6
Rac1 49. Kg3 Rxc4 50. h5 Rh1 51. Kg4 Rc2 52. g3 Rc3 53. Nf4 Kd7 54. Rg6 Ke8 55. Kf5
Kf7 56. h6 Rc5+ 57. e5 Re1 58. Rg7+ Ke8 59. h7 Re4 60. h8=Q#  1-0

[Event "28. Offene Internationale Bayerische Schachmeisterschaft"]
[Site "Gmund am Tegernsee"]
[Date "2025.11.07"]
[Round "7"]
[Board "30"]
[White "Garcia Ramos, Marcos"]
[Black "Gaal, Zsoka"]
[Result "1-0"]
[WhiteElo "2145"]
[BlackElo "2383"]
[PlyCount "0"]
[EventDate "2025.11.01"]
[EventRounds "9"]
[EventCountry "GER"]

1. e4 c6 2. d4 d5 3. e5 Bf5 4. h4 h5 5. Bd3 Bxd3 6. Qxd3 Qa5+ 7. b4 Qxb4+ 8. Nd2
e6 9. Rb1 Qe7 10. c4 b6 11. Ne2 Nh6 12. Ng3 Nd7 13. Rb3 g6 14. Nf3 Qd8 15. Bg5 Be7
16. O-O Nf5 17. Nxf5 gxf5 18. cxd5 cxd5 19. Rc1 Rc8 20. Rxc8 Qxc8 21. Rc3 Qb7 22.
Qc2 Kd8 23. Bxe7+ Kxe7 24. Rc7 Qa8 25. Qa4 Qd8 26. Qc6 Rg8 27. Ng5 Rh8  1-0

[Event "28. Offene Internationale Bayerische Schachmeisterschaft"]
[Site "Gmund am Tegernsee"]
[Date "2025.11.07"]
[Round "7"]
[Board "31"]
[White "Falkevall, Axel"]
[Black "Tscharotschkin, Michael"]
[Result "1-0"]
[WhiteElo "2380"]
[BlackElo "2153"]
[PlyCount "0"]
[EventDate "2025.11.01"]
[EventRounds "9"]
[EventCountry "GER"]

1. e4 c6 2. d4 d5 3. f3 e6 4. Bd3 dxe4 5. fxe4 Qxd4 6. Nf3 Qb6 7. e5 Nd7 8. Qe2 Ne7
9. a4 Ng6 10. a5 Qc7 11. Bxg6 hxg6 12. O-O Be7 13. Nbd2 f6 14. Nc4 b5 15. axb6 Nxb6
16. Kh1 Nxc4 17. Qxc4 c5 18. Qe4 Rb8 19. Qxg6+ Kf8 20. Ng5 Bd8 21. Nh7+ Kg8 22. Rxf6
Be7 23. Qf7+  1-0

[Event "28. Offene Internationale Bayerische Schachmeisterschaft"]
[Site "Gmund am Tegernsee"]
[Date "2025.11.07"]
[Round "7"]
[Board "32"]
[White "Mkrtchian, Lilit"]
[Black "Weidenhoefer, Max"]
[Result "1-0"]
[WhiteElo "2372"]
[BlackElo "2139"]
[PlyCount "0"]
[EventDate "2025.11.01"]
[EventRounds "9"]
[EventCountry "GER"]

1. Nf3 d5 2. g3 Nf6 3. Bg2 e6 4. O-O Be7 5. d3 O-O 6. Nc3 c5 7. e4 Nc6 8. a4 dxe4
9. dxe4 e5 10. Bg5 h6 11. Bxf6 Bxf6 12. Nd5 g6 13. c3 Bg7 14. Nd2 Be6 15. Nc4 Qd7
16. Qb3 Rad8 17. Rfd1 Kh8 18. Qa3 b6 19. a5 b5 20. Nce3 Qd6 21. a6 Nb8 22. Qa5 Qc6
23. Bf1 Bd7 24. Nc7 c4 25. Rd5 Bc8 26. Nxb5 Rxd5 27. exd5 Qc5 28. Nc7 Qe7 29. Nxc4
f5 30. d6 Qf6 31. Qc5 f4 32. Nd5 Qg5 33. Qxa7 fxg3 34. hxg3 Be6 35. Bg2 e4 36. Nde3
Nc6 37. Qb6 Ne5 38. Nxe5 Bxe5 39. a7 Qf6 40. a8=Q Qxf2+ 41. Kh1  1-0

[Event "28. Offene Internationale Bayerische Schachmeisterschaft"]
[Site "Gmund am Tegernsee"]
[Date "2025.11.07"]
[Round "7"]
[Board "33"]
[White "Weber, Ulrich"]
[Black "Neuhoff, Laertes"]
[Result "0-1"]
[WhiteElo "2343"]
[BlackElo "2136"]
[PlyCount "0"]
[EventDate "2025.11.01"]
[EventRounds "9"]
[EventCountry "GER"]

1. Nf3 d5 2. g3 Nf6 3. Bg2 c5 4. O-O g6 5. b3 Bg7 6. Bb2 O-O 7. c4 dxc4 8. bxc4 Nc6
9. d3 Re8 10. Nbd2 Qc7 11. Re1 b6 12. Qc2 Bb7 13. Bc3 e5 14. Qb2 Nd4 15. a4 Bc6 16.
e3 Nxf3+ 17. Nxf3 Qb7 18. e4 Nd7 19. a5 b5 20. cxb5 Bxb5 21. Rab1 a6 22. Bh3 Qc7
23. Rbd1 Rad8 24. Bf1 Nb8 25. Nd2 Nc6 26. Nc4 Nd4 27. Bg2 Bxc4 28. dxc4 Rb8 29. Qa2
Rb7 30. Rb1 Reb8 31. Kf1 Qc6 32. Red1 h5 33. h4 Qe6 34. Rxb7 Rxb7 35. Qa4 Qg4 36.
Re1 Qc8 37. Kg1 Bf8 38. Kh1 Qe6 39. Rd1 Qg4 40. Re1 Qe6 41. Bf1 Qf6 42. Bxd4 exd4
43. Qa2 Qf3+ 44. Bg2 Qc3 45. Rb1 Rxb1+ 46. Qxb1 Qxa5 47. e5 Qb4 48. Qc2 Qe1+ 49.
Kh2 Qxe5 50. Bd5 Kg7 51. Kg2 Be7 52. Qd3 a5 53. Qf3 Bf6 54. Qa3 Qc7 55. Qb3 Qa7 56.
Qa4 Be7 57. Kf3 Qb6 58. Qe8 Qf6+ 59. Ke2 Qe5+ 60. Kd1 Qf6 61. f4 Bd6 62. Qa8 Qf5
63. Qxa5 Qe5  0-1

[Event "28. Offene Internationale Bayerische Schachmeisterschaft"]
[Site "Gmund am Tegernsee"]
[Date "2025.11.07"]
[Round "7"]
[Board "34"]
[White "Lindam, Ingo"]
[Black "Malinowsky, Levi"]
[Result "0-1"]
[WhiteElo "2093"]
[BlackElo "2341"]
[PlyCount "0"]
[EventDate "2025.11.01"]
[EventRounds "9"]
[EventCountry "GER"]

1. d4 Nf6 2. c4 e6 3. g3 Bb4+ 4. Bd2 Qe7 5. Bg2 Nc6 6. e3 e5 7. d5 Bxd2+ 8. Qxd2
Nb8 9. Ne2 d6 10. Nbc3 a5 11. h3 h5 12. Rc1 Na6 13. O-O e4 14. f3 exf3 15. Rxf3 Nd7
16. Nb5 Ne5 17. Rff1 Nc5 18. Rc3 O-O 19. Nf4 g6 20. e4 Bd7 21. Nd4 Rab8 22. b3 Rfe8
23. Re3 a4 24. Qe2 Na6 25. Rb1 c5 26. Nb5 axb3 27. Rexb3 b6 28. Nc3 Qd8 29. Nb5 Bxb5
30. Rxb5 Nd7 31. R5b3 Nc7 32. Rf1 Ra8 33. Qd2 Ra4 34. Rc1 Qa8 35. Rc2 Ne5 36. Bf1
Ra3 37. Kg2 Rxb3 38. axb3 Qa3 39. Rc3 Nd7 40. Re3 Na6 41. g4 hxg4 42. hxg4 Nb4 43.
Ne2 Nf6 44. Nc3 Qxb3 45. g5 Ng4 46. Rg3 Ne5 47. Nb5 Qb1 48. Nxd6 Rd8 49. Qf4 Qb2+
50. Kh1 Rxd6 51. Rh3 Qd4 52. Qh4 Kf8 53. Ra3 Ned3 54. Ra8+ Ke7 55. Ra7+ Rd7 56. Rxd7+
Kxd7 57. Bh3+ Kc7 58. Qg3+ Kb7 59. Qd6 Qxe4+ 60. Bg2 Qe1+  0-1

[Event "28. Offene Internationale Bayerische Schachmeisterschaft"]
[Site "Gmund am Tegernsee"]
[Date "2025.11.07"]
[Round "7"]
[Board "35"]
[White "Kyparissopoulos, Spyridon"]
[Black "Nitin, S."]
[Result "1-0"]
[WhiteElo "2092"]
[BlackElo "2337"]
[PlyCount "0"]
[EventDate "2025.11.01"]
[EventRounds "9"]
[EventCountry "GER"]

1. d4 Nf6 2. c4 g6 3. Nc3 Bg7 4. e4 d6 5. Nf3 O-O 6. Be2 Na6 7. O-O e5 8. Be3 Qe7
9. dxe5 dxe5 10. Nd5 Qd8 11. Qc2 Ng4 12. Rad1 Nxe3 13. Nxe3 Qe7 14. Nd5 Qe8 15. c5
c6 16. Ne3 Nc7 17. Nc4 Qe7 18. Nd6 Ne6 19. b4 Nf4 20. Nxc8 Rfxc8 21. Bc4 b5 22. Bb3
a5 23. bxa5 Rxa5 24. Rd6 Ra7 25. Rfd1 Bf6 26. g3 Nh5 27. R1d3 Ng7 28. Qd1 Rcc7 29.
Rxf6 Qxf6 30. Rd8+ Ne8 31. Rxe8+ Kg7 32. Nxe5 Re7 33. Rxe7 Rxe7 34. f4 Re8 35. Qd6
Qxd6 36. cxd6 c5 37. d7 Rd8 38. Bxf7 c4 39. Kf2  1-0

[Event "28. Offene Internationale Bayerische Schachmeisterschaft"]
[Site "Gmund am Tegernsee"]
[Date "2025.11.07"]
[Round "7"]
[Board "36"]
[White "Womacka, Mathias"]
[Black "Langner, Robin"]
[Result "1-0"]
[WhiteElo "2334"]
[BlackElo "2128"]
[PlyCount "0"]
[EventDate "2025.11.01"]
[EventRounds "9"]
[EventCountry "GER"]

1. e4 c5 2. Nf3 d6 3. d4 cxd4 4. Nxd4 Nf6 5. Nc3 a6 6. h3 e5 7. Nde2 h5 8. g3 Be7
9. Bg2 b5 10. Nd5 Nbd7 11. Nec3 Nxd5 12. Nxd5 Nf6 13. Nxe7 Kxe7 14. O-O Qc7 15. Bg5
Be6 16. Qd2 Rac8 17. c3 Rhd8 18. a4 bxa4 19. Rxa4 Qd7 20. Rfa1 Bxh3 21. Rxa6 Bxg2
22. Kxg2 Rc6 23. Ra7 Rc7 24. Qe3 Rb8 25. Rxc7 Qxc7 26. Ra7 Rb7 27. Rxb7 Qxb7 28.
b4 Ke6 29. Bxf6 gxf6 30. Qf3 Qa8 31. c4 Qa4 32. Qc3 Qd1 33. c5 dxc5 34. Qxc5 Qe2
35. Qd5+ Ke7 36. b5 h4 37. gxh4 Qg4+ 38. Kf1 Qxh4 39. b6 Qh3+ 40. Ke2 Qg4+ 41. Kd3
Qf3+ 42. Kc4 Qxf2 43. b7 Qc2+ 44. Kb5 Qe2+ 45. Kb6  1-0

[Event "28. Offene Internationale Bayerische Schachmeisterschaft"]
[Site "Gmund am Tegernsee"]
[Date "2025.11.07"]
[Round "7"]
[Board "37"]
[White "Kick, Joachim"]
[Black "Meister, Peter"]
[Result "1/2-1/2"]
[WhiteElo "2087"]
[BlackElo "2315"]
[PlyCount "0"]
[EventDate "2025.11.01"]
[EventRounds "9"]
[EventCountry "GER"]

1. Nf3 d5 2. d4 c5 3. c4 cxd4 4. cxd5 Qxd5 5. Nc3 Qa5 6. Nxd4 Nf6 7. g3 e5 8. Nb3
Qc7 9. Bg2 Bb4 10. Bd2 O-O 11. O-O Rd8 12. Qc1 Nc6 13. a3 Be7 14. Ne4 Nxe4 15. Bxe4
Qb6 16. Bxc6 Qxb3 17. Bf3 Be6 18. Bc3 f6 19. Rd1 Rac8 20. Rd2 Rxd2 21. Qxd2 b6 22.
Qe1 a5 23. h4 Rd8 24. Rc1 Qa4 25. Bd2 Qb5 26. b4 axb4 27. Bxb4 Bc5 28. Rd1 Rd4 29.
e3 Bxb4 30. axb4 Rxd1 31. Qxd1 Qxb4 32. Qd8+ Kf7 33. Bh5+ g6 34. Bf3 e4 35. Qc7+
Kg8 36. Qb8+ Kg7 37. Qb7+ Bf7 38. Bxe4 Qc5 39. Bc6 Kf8 40. Qc8+ Kg7 41. Qb7 Kf8 42.
Qc8+  1/2-1/2

[Event "28. Offene Internationale Bayerische Schachmeisterschaft"]
[Site "Gmund am Tegernsee"]
[Date "2025.11.07"]
[Round "7"]
[Board "38"]
[White "Adelhuette, Dennis"]
[Black "Reichmann, Hendrik"]
[Result "0-1"]
[WhiteElo "2073"]
[BlackElo "2301"]
[PlyCount "0"]
[EventDate "2025.11.01"]
[EventRounds "9"]
[EventCountry "GER"]

1. d4 d6 2. Nf3 g6 3. c4 Bg7 4. e4 Bg4 5. Be2 Nc6 6. d5 Bxf3 7. Bxf3 Nd4 8. Nc3 c5
9. dxc6 bxc6 10. Be3 Qb6 11. O-O Nxf3+ 12. Qxf3 Qxb2 13. e5 Rc8 14. Qg4 Rd8 15. Bd4
dxe5 16. Rab1 Qa3 17. Qe4 exd4 18. Qxc6+ Kf8 19. Nb5 Qa5 20. Nc7 Be5 21. Nd5 Bd6
22. Rb5 Qxa2 23. Rfb1 e6 24. Nc7 Ne7 25. Qb7 Qxc4 26. Na6 Kg7 27. Qxa7 Ra8 28. Qb6
Rhd8 29. g3 Nd5 30. Qb7 Nc3  0-1

[Event "28. Offene Internationale Bayerische Schachmeisterschaft"]
[Site "Gmund am Tegernsee"]
[Date "2025.11.07"]
[Round "7"]
[Board "39"]
[White "Pavan, B N B"]
[Black "Huber, Benedikt"]
[Result "0-1"]
[WhiteElo "2067"]
[BlackElo "2290"]
[PlyCount "0"]
[EventDate "2025.11.01"]
[EventRounds "9"]
[EventCountry "GER"]

1. e4 e5 2. Nf3 Nc6 3. d4 exd4 4. Bc4 Nf6 5. e5 d5 6. Bb5 Nd7 7. O-O Be7 8. Bxc6
bxc6 9. e6 fxe6 10. Nxd4 Nb8 11. Qe2 Qd6 12. Re1 Bf6 13. Nxe6 Bxe6 14. Qxe6+ Qxe6
15. Rxe6+ Kf7 16. Re2 Nd7 17. c3 Rhe8 18. Be3 c5 19. Kf1 d4 20. Rd2 Nb6 21. cxd4
cxd4 22. Bxd4 Nc4 23. Bxf6 Nxd2+ 24. Nxd2 gxf6 25. Rc1 Re7 26. Nc4 Rd8 27. g3 Rd5
28. Rc2 Rd1+ 29. Kg2 Ree1 30. Ne3 Rc1 31. Rd2 Ke6 32. Kf3 Rc5 33. h4 Ra1 34. a3 Rb1
35. Ke4 Rb5 36. Nc4 Re1+ 37. Ne3 Rb1 38. Nc4 a5 39. Rc2 a4 40. Kd4 Rd1+ 41. Ke4 Rc5
42. g4 h5 43. gxh5 Rh1 44. Kd4 Rxh5 45. Ne3 R1xh4+ 46. Kd3 Kd6 47. Ke2 Rb5 48. Kf3
Rd4 49. Kg2 f5 50. Kf3 f4 51. Nf1 Rb3+ 52. Kg4 Rbd3 53. f3 Rd1 54. Rf2 c5 55. Kf5
Kd5 56. Kg5 Kc4 57. Kf5 Kb3 58. Ke5 Re1+ 59. Kf5 Red1 60. Kg4 c4 61. Kf5 c3 62. bxc3
Kxc3 63. Ke5 Kb3 64. Nh2 R4d2 65. Ng4 Kxa3 66. Kxf4 Kb3 67. Ke3 Rxf2 68. Nxf2 Rd8
69. Ke4  0-1